Corak taburan spatial serta potensi allelopati Cuscuta Campestris Yuncker di Semenanjung Malaysia /
Saved in:
| Main Author: | |
|---|---|
| Format: | Thesis Book |
| Language: | Malay |
| Subjects: | |
| Online Access: | http://studentsrepo.um.edu.my/id/eprint/4312 |
| Tags: |
Add Tag
No Tags, Be the first to tag this record!
|
| LEADER | 01349cam a2200361 i 4500 | ||
|---|---|---|---|
| 001 | u988352 | ||
| 003 | SIRSI | ||
| 005 | 201401271652 | ||
| 008 | 140127s2013 my a t 000 0 may m | ||
| 040 | |a UMM |d AUM |e rda | ||
| 043 | |a a-my--- | ||
| 090 | |a QH302 |b UM 2013 Muhro | ||
| 100 | 0 | |a Muhammad Remy Othman, |e author. | |
| 245 | 1 | 0 | |a Corak taburan spatial serta potensi allelopati Cuscuta Campestris Yuncker di Semenanjung Malaysia / |c Muhammad Remy Othman. |
| 264 | 1 | |c 2013. | |
| 264 | 4 | |c 2013. | |
| 300 | |a xiv, 198 leaves : |b illustration ; |c 30 cm. | ||
| 336 | |a text |2 rdacontent | ||
| 337 | |a unmediated |2 rdamedia | ||
| 338 | |a volume |2 rdacarrier | ||
| 502 | |b M.Sc. |i nstitut Sains Biologi, Fakulti Sains, Universiti Malaya |d 2013. | ||
| 504 | |a Bibliography: leaves 183-191. | ||
| 530 | |a Also issued in CD. | ||
| 650 | 0 | |a Dodder. | |
| 650 | 0 | |a Allelopathy. | |
| 650 | 0 | |a Parasitic plants |z Malaysia. | |
| 650 | 0 | |a Weeds |z Malaysia. | |
| 710 | 2 | |a Universiti Malaya. |b Institut Sains Biologi, |e degree granting institution. | |
| 856 | 4 | 1 | |u http://studentsrepo.um.edu.my/id/eprint/4312 |
| 900 | |a HA-ZA | ||
| 596 | |a 1 25 | ||
| 999 | |a QH302 UM 2013 MUHRO |w LC |c 1 |i A515702865 |d 18/12/2014 |f 18/12/2014 |g 1 |l STACKS |m P01UTAMA |r Y |s Y |t TESIS |u 18/12/2014 | ||
| 999 | |a QH302 UM 2013 MUHRO |w LC |c 1 |i A515869352 |l STACKS |m P25UMARCHI |r N |s Y |t CD |u 29/7/2015 |1 STEM | ||
